000 00333nam a2200133 4500
005 20260530113853.0
100 1 _aAlejandro Ascensio
_931392
245 1 0 _aSolo Luces
264 1 _bAtrium Group Barcelona
_c2004
300 _a280 páginas
336 _atexto
_2rdacontent
337 _asin medio
_2rdamedia
338 _avolumen
_2rdacarrier
999 _c11509
_d11509